Länder mit den meisten Drogentoten - Statistiken

Allgemein
  • Dieses Quiz wurde 898 mal gespielt
  • Das Durchschnittsergebnis liegt bei 4 aus 10
Antwortstatistiken
Land % Korrekt
Vereinigte Staaten
96%
Mexiko
79%
Russland
60%
Kanada
54%
Australien
26%
Vereingtes Königreich
14%
Ukraine
12%
Iran
9%
Vietnam
4%
Kenia
2%
Keine übereinstimmenden Quizze gefunden
Verteilung der Resultate
Anzahl Personen mit jedem Resultat
Perzentil nach korrekt beantworteten Fragen
Ihre Resultats-Entwicklung
Sie haben dieses Quiz noch nicht gespielt